[Event "Santo Domingo op 08"]
[Site "Santo Domingo"]
[Date "2019.08.14"]
[Round "4"]
[White "Agramonte Ramirez, Jorge Luis"]
[Black "Toro Rojas, Freddy Alberto"]
[Result "1/2-1/2"]
[WhiteElo "1671"]
[BlackElo "1948"]
[PlyCount "74"]
[EventDate "2019.08.12"]
[EventType "swiss"]
[EventRounds "8"]
[EventCountry "DOM"]
[SourceTitle "EXT 2020"]
[Source "ChessBase"]
[SourceDate "2019.10.17"]
[SourceVersion "1"]
[SourceVersionDate "2019.10.17"]
[SourceQuality "1"]

1. d4 Nf6 2. c4 e6 3. Nc3 d5 4. cxd5 exd5 5. Bg5 Be7 6. e3 0-0 7. Bd3 c6 8. h3 Re8 9. Nf3 Nbd7 10. 0-0 Nh5 11. Bxe7 Qxe7 12. Rc1 Nhf6 13. Na4 Ne4 14. Qc2 Ndf6 15. Ne5 h6 16. Nc5 Nxc5 17. Qxc5 Qxc5 18. Rxc5 Nd7 19. Nxd7 Bxd7 20. Kh2 Kf8 21. g4 Ke7 22. e4 dxe4 23. Re1 Kd6 24. Bxe4 Re7 25. Re5 Rae8 26. Rxe7 Rxe7 27. Re3 Be6 28. a3 Bd5 29. Bd3 g5 30. Rxe7 Kxe7 31. Kg3 Kd6 32. b4 f6 33. f3 Bb3 34. Kf2 Bd5 35. Ke3 b5 36. Be4 Bc4 37. Bd3 Bd5 1/2-1/2

[Event "Santo Domingo Independencia op"]
[Site "Santo Domingo"]
[Date "2017.03.03"]
[Round "5"]
[White "Castillo Marte, Antonio"]
[Black "Agramonte Ramirez, Jorge Luis"]
[Result "0-1"]
[WhiteElo "1825"]
[BlackElo "1634"]
[PlyCount "110"]
[EventDate "2017.02.24"]
[EventType "swiss"]
[EventRounds "7"]
[EventCountry "DOM"]
[SourceTitle "CBM 177 Extra"]
[Source "ChessBase"]
[SourceDate "2017.04.27"]
[SourceVersion "1"]
[SourceVersionDate "2017.04.27"]
[SourceQuality "1"]

1. e4 d6 2. f4 Nf6 3. d3 g6 4. Nf3 Bg7 5. Be2 Nc6 6. c3 e5 7. 0-0 Bg4 8. Na3 0-0 9. Nc2 Nh5 10. Ng5 Bxe2 11. Qxe2 exf4 12. Qg4 Ne5 13. Qh4 h6 14. Bxf4 Nxf4 15. Qxf4 Qxg5 16. d4 Qxf4 17. Rxf4 Nd7 18. Nb4 c6 19. Rf3 Rae8 20. Re1 f5 21. Rfe3 fxe4 22. Rxe4 Rxe4 23. Rxe4 Kf7 24. h3 Nf6 25. Re2 Re8 26. Rf2 h5 27. Kh2 Bh6 28. Nc2 Kg7 29. Nb4 Re4 30. g3 a5 31. Nc2 Nd5 32. a4 Nb6 33. Na3 Nxa4 34. Nc4 d5 35. Nxa5 Re7 36. Nb3 Nb6 37. Kg2 Nc4 38. Nc5 Nd6 39. Nd3 Ne4 40. Re2 g5 41. Ne5 Kf6 42. Re1 Bg7 43. Rf1+ Ke6 44. Nd3 Rf7 45. Re1 Kd6 46. Re2 g4 47. Nf4 Rf5 48. hxg4 hxg4 49. Rc2 Bh6 50. Ng6 Rf3 51. Ne5 Rxg3+ 52. Kh1 Be3 53. Kh2 Bg1+ 54. Kh1 Nf2+ 55. Rxf2 Bxf2 0-1

[Event "Santo Domingo Independencia op"]
[Site "Santo Domingo"]
[Date "2017.02.26"]
[Round "4"]
[White "Agramonte Ramirez, Jorge Luis"]
[Black "Mendez Ramirez, Victor"]
[Result "1/2-1/2"]
[WhiteElo "1634"]
[BlackElo "1863"]
[PlyCount "94"]
[EventDate "2017.02.24"]
[EventType "swiss"]
[EventRounds "7"]
[EventCountry "DOM"]
[SourceTitle "CBM 177 Extra"]
[Source "ChessBase"]
[SourceDate "2017.04.27"]
[SourceVersion "1"]
[SourceVersionDate "2017.04.27"]
[SourceQuality "1"]

1. d4 Nf6 2. c4 c5 3. e3 cxd4 4. exd4 d5 5. c5 g6 6. Nf3 Nc6 7. Bb5 Qa5+ 8. Nc3 Ne4 9. Qa4 Qxa4 10. Bxa4 Nxc3 11. bxc3 Bg7 12. Rb1 0-0 13. 0-0 e5 14. Bxc6 bxc6 15. Nxe5 Bxe5 16. dxe5 Ba6 17. Re1 h5 18. Bg5 Rfe8 19. Bf6 Rab8 20. a3 Bd3 21. Rb4 Rxb4 22. axb4 Bf5 23. Ra1 Ra8 24. Ra3 Bd7 25. Be7 Kg7 26. Bd6 g5 27. g3 g4 28. f4 Kg6 29. Kf2 Kg7 30. Bc7 Kf8 31. Bb6 Bc8 32. Rxa7 Rxa7 33. Bxa7 Bf5 34. Ke3 Ke8 35. Kd4 Be6 36. Bb8 Kd7 37. f5 Bxf5 38. c4 dxc4 39. Kxc4 Be6+ 40. Kd4 Bf5 41. Ke3 Kc8 42. Kf4 Be6 43. Ba7 Kb7 44. Bb6 Ka6 45. Kg5 Kb5 46. Ba5 Kc4 47. Kxh5 Kd5 1/2-1/2

[Event "Santo Domingo Independencia op"]
[Site "Santo Domingo"]
[Date "2017.02.24"]
[Round "1"]
[White "Mendez, Ruddy Antonio"]
[Black "Agramonte Ramirez, Jorge Luis"]
[Result "1-0"]
[WhiteElo "2118"]
[BlackElo "1634"]
[PlyCount "53"]
[EventDate "2017.02.24"]
[EventType "swiss"]
[EventRounds "7"]
[EventCountry "DOM"]
[SourceTitle "CBM 177 Extra"]
[Source "ChessBase"]
[SourceDate "2017.04.27"]
[SourceVersion "1"]
[SourceVersionDate "2017.04.27"]
[SourceQuality "1"]

1. d4 d5 2. c4 e6 3. Nf3 Nf6 4. e3 c5 5. cxd5 exd5 6. Bb5+ Bd7 7. Bxd7+ Nbxd7 8. 0-0 Be7 9. dxc5 Nxc5 10. b3 0-0 11. Bb2 Qc7 12. Nc3 Rfd8 13. Nb5 Qb6 14. Qe2 a6 15. Nbd4 Nce4 16. Rac1 Rac8 17. Nf5 Bf8 18. Ne5 Qe6 19. Nh4 Bd6 20. f4 Rc7 21. Rxc7 Bxc7 22. Rc1 Bb8 23. Nhf3 Rc8 24. Qd1 Ba7 25. Nd4 Qe8 26. Nf5 Qe6 27. Rxc8+ 1-0